000 00642nam a2200205Ia 4500
003 GCL
008 140319s9999 xx 000 0 ara d
040 _aGCL /
_cGCL
082 0 4 _a338.27282
_bش ا
100 1 _aمحمد على زيد (ترجمة)
245 1 0 _aاقتصاديات البترول فى الشرق الاوسط /
_cمحمد على زيد (ترجمة)
700 1 _aشارل عيسوى
700 1 _aصاحب ذهب (مترجم)
300 _a374 ص
490 _aالالف كتاب
_v0
650 0 4 _aتسويق
650 0 4 _aالبترول - اقتصاديات
650 0 4 _aالشرق الاقصى
942 _2ddc
_cBK
999 _c42892
_d42892